写真から日本の湖沼を当てる - Statistics

General Stats
  • This quiz has been taken 8 times
  • The average score is 9 of 20
Answer Stats
Picture Hint Answer % Correct
映えスポット 琵琶湖
100%
ベタ踏み坂として有名な橋があります 中海
100%
湖中央を横断する橋 霞ヶ浦
100%
湖中央に島があります 洞爺湖
80%
市街地にあります 漫湖
80%
旧千円札に採用された景色 本栖湖
80%
中央の山は御神体です 中禅寺湖
60%
浜名湖
60%
正式名称で 八郎潟調整池
60%
これも人工湖っぽいですね 朱鞠内湖
40%
特徴的な形 十三湖
20%
人工物ですね 満濃池
20%
ほぼ完全な円です 倶多楽湖
20%
二つの砂嘴に囲まれた汽水湖 風蓮湖
20%
世界でも珍しい年縞採取湖 水月湖
20%
山の向こうには海が 池田湖
0%
豊似湖
0%
サンゴ草の群生地 能取湖
0%
中央に見える湖 加茂湖
0%
伊丹市の公園にある池 昆陽池
0%
No matching quizzes found
Score Distribution
Percent of People with Each Score
Percentile by Number Answered
Your Score History
You have not taken this quiz